| 000 | 00460nam a2200205Ia 4500 | ||
|---|---|---|---|
| 001 | 12287 | ||
| 003 | GE_BSU | ||
| 008 | 181216s||||||||xx |||||||||||||| ||und|| | ||
| 020 | _a0860070018 | ||
| 040 | _cGE_BSU | ||
| 080 | _a821.111-312.4 | ||
| 100 | _aWhittemore,L.H. | ||
| 245 | 4 | _aThe super cops | |
| 260 | _aGreat Britain | ||
| 260 | _bFutura publications Limited | ||
| 260 | _c1974 | ||
| 300 | _a383p.18cm. | ||
| 653 | _aThe super cops | ||
| 942 | _cBK | ||
| 999 |
_c45462 _d45462 |
||